000 00593nam a22001697a 4500
005 20251108164220.0
008 250721s1998 xx 000 0 ara d
082 1 4 _a301,6/هنط
100 1 _aأبو هنطش، محمد توهيل فايز
245 1 0 _aعلم الإجتماع السياسي :
_bقضايا العنف و الحرب و السلام /
264 1 _aعمان :
_bدار المستقبل للنشر والتوزيع،
_c1998.
300 _a425ص
650 1 7 _aعلم الإجتماع
650 1 7 _aعلم الإجتماع السياسي
942 _2ddc
_cBK
999 _c6559
_d6559